000 00669nam a22002297a 4500
003 BUBTL
008 210323b xxu||||| |||| 00| 0 eng d
041 _aEnglish
082 _a332.1/ Sh42b/ 1998
_218th ed.
100 _aShekhar, K. C.
_91955
245 _aBanking Theory and Practice/
_bK. C. Shekhar, Lekshmy Shekhar
250 _a18th ed.
260 _aNew Delhi
_bVikas Publishing House Pvt Ltd.
_cc1998
300 _a[vx],, 870 p. :
_b21 cm.
500 _aIncludes Index
526 _aLAw
650 _aLaw
_94084
700 _aK. C. Shekhar, Lekshmy Shekhar
_91954
856 _k0
_l0
_yDownload
942 _2ddc
_cBK
999 _c6495
_d6495